000 00528nam a2200169 4500
001 144547
003 ES-MaACL
005 20230906201038.0
007 t|
008 070214s1961 sp r ||||1| spa d
100 1 _aSimard, Emile.
_9106459
245 1 0 _aNaturaleza y alcance del método científico /
_cEmile Simard ; versión de Salvador Caballero Sánchez.
260 _aMadrid :
_bGredos,
_c1961.
300 _a439 p. ;
_c21 cm.
700 1 _aCaballero Sánchez, Salvador.
_933123
852 _aES-MaACL
_jC-21203
_bR.49573
999 _c144547
_d144547